000 00838nam a2200229 i 4500
001 183051
003 ES-MaACL
005 20250626063220.0
008 140114s2012 sp |||| | spa d
020 _a978-84-612-4244-3
080 _a821.134.2-14"19"
100 1 _aBlanco León, Conrado,
_d1888-1968
_9154167
245 1 0 _aMelindres poéticos y literarios /
_cConrado Blanco León ; textos recogidos por Conrado Blanco González.
250 _a5ª ed.
260 _aLa Bañeza, León :
_bMonte Riego,
_c2012.
300 _a158 p. :
_bil. ;
_c21 cm.
700 1 _aBlanco González, Conrado.
_929262
852 _aES-MaACL
_jA-13005
_9189985
_bR.149100
_cDEPO1
_dOlim: N-6005
_xDonación: Conrado Blanco González
903 _929262
_aBlanco González, Conrado
_ednr
942 _2udc
_cMONOGRAFIA
999 _c183051
_d183051